| 000 | 01480nam a22003857a 4500 | ||
|---|---|---|---|
| 003 | CHAP | ||
| 005 | 20220817044223.0 | ||
| 008 | 080804d2008 mx r 00110 spa d | ||
| 010 | _a94989 | ||
| 011 | _a95961 | ||
| 035 | _a106597 | ||
| 040 | _cCHAP | ||
| 090 | _aTesis | ||
| 100 | 1 |
_aSepulveda Ochoa, Francisco Javier _9104504 |
|
| 245 | 1 | 0 |
_aFactores determinantes del crecimiento económico del sector cárnico del Estado de Hidalgo, México de 1997 a 2006 _c/por Francisco Javier Sepulveda Ochoa |
| 260 |
_aBermejillo, Dgo. : _bEl autor, _c2008 |
||
| 300 |
_aix, 54 h. : _bgráfs. ; cuadros |
||
| 502 | _aTesis (Ing. Agr. Esp. en Zonas Áridas) -- UACH. Unidad Regional Universitaria de Zonas Áridas | ||
| 590 |
_aALEPH _b10 _c20130110 _lUCH01 _h1523 |
||
| 590 |
_aBATCH-UPD _b10 _c20130110 _lUCH01 _h0652 |
||
| 590 |
_aBATCH-UPD _b10 _c20130410 _lUCH01 _h0337 |
||
| 590 |
_aBATCH-UPD _b10 _c20130914 _lUCH01 _h0848 |
||
| 590 |
_aCONVERSION _b10 _c20130109 _lUCH01 _h1353 |
||
| 650 | 1 | 4 |
_aCarne _xAbastecimiento _zHidalgo. _919059 |
| 650 | 1 | 4 |
_aCarne _xConsumo _zHidalgo. _919073 |
| 650 | 1 | 4 |
_aCarne _xPrecios. _919104 |
| 650 | 1 | 4 |
_aCarne _xProducción. _919109 |
| 650 | 1 | 4 | _aDesarrollo económico. |
| 650 | 1 | 4 |
_aGanado de carne _xMatanza. _945090 |
| 650 | 1 | 4 |
_aMataderos. _972885 |
| 901 | _aBK | ||
| 942 | _cFOLL | ||
| 949 |
_aTesis _bBC _cTES _d33724002066149 _eTS2 _fc.2 _gDonaciØn _h47752 _i106597 _sb |
||
| 949 |
_aTesis _bBC _cTES _d33724002066181 _eTS1 _gDonaciØn _h47751 _i106597 _sb |
||
| 999 |
_c94989 _d94989 |
||